000 00547nam a2200157 i 4500
001 56303
003 ES-MaACL
005 20230906163328.0
007 t|
008 031007s1958 sp ||||1| spa d
245 0 0 _aDiccionario humorístico
_b: definiciones, máximas, agudezas, paradojas, epigramas, ironias, etc. /
_crecopilación y selección por Jorge Sintes Pros.
260 _aBarcelona :
_bSintes,
_c[1958] (
_fSoler Queralt)
300 _a438 p. ;
_c19 cm.
700 1 _aSintes Pros, Jorge.
_9106654
852 _aES-MaACL
_jC-18719
_bR.45909
999 _c56303
_d56303